000 00190nam a22000977a 4500
020 _a9789355555151
082 _aK000
245 _aISSO - CLASS 3 - 2023 - 2024
300 _a72P
942 _cBK
999 _c8925
_d8925